Türk ceza kanunu ve ilgili mevzuat (Record no. 10627)
[ view plain ]
| 000 -BAŞLIK | |
|---|---|
| Sabit Uzunlukta Kontrol Alanı | 00938na a2200253 4500 |
| 001 - KONTROL NUMARASI | |
| Denetim Alanı | 24067 |
| 003 - KONTROL NUMARASI IDENTIFIER | |
| Denetim Alanı | MIRAKIL |
| 005 - SON İŞLEM TARİHİ VE ZAMANI | |
| Denetim Alanı | 20181213155329.0 |
| 008 - SABİT-BOY VERİ ELEMANLARI - GENEL BİLGİLER | |
| Sabit Uzunlukta Kontrol Alanı | 180307b tu 000 0 |
| 040 ## - KATALOGLAMA KAYNAK | |
| Orijinal Kataloglama Ajansı | Milas |
| Kataloglama Dili | tur |
| Metne Dönüştürmek Ajansı | TR-AnCHP |
| 041 ## - DİL KODU | |
| Metin / Ses Parça Veya Ayrı Başlığın Dil Kodu | tur |
| 082 ## - DEWEY ONLU SINIFLANDIRMA NUMARASI | |
| Sınıflandırma Numarası | 349.561 |
| Ürün Numarası | C35t 1985 |
| 090 ## - SINIFLAMA NUMARASI | |
| Sınıflama Numarası | 349.561 C35t 1985 |
| 100 ## - ANA GİRİŞ - KİŞİSEL İSİM | |
| Kişisel Ad | Centel, Nur |
| 245 ## - BAŞLIK TABLOSU | |
| Başlık | Türk ceza kanunu ve ilgili mevzuat |
| Sorumluluk Tablosu, Vb | Nur Centel |
| 260 ## - YAYIN, DAĞITIM, VB | |
| Yayın, Dağıtım, Vb Yeri | İstanbul |
| Yayıncı, Dağıtıcı, Vs Adı | Beta Basım Yayım Dağıtım A.Ş. |
| Yayın, Dağıtım, Vb Tarihi | 1985 |
| Üretici Firma | sermet matbaası |
| 300 ## - FİZİKSEL TANIM | |
| Kapsam | xııı, 323 s. |
| Boyutlar | 20 sm. |
| 440 ## - SERİSİ TABLOSU / KATMA GİRİŞİ - BAŞLIK | |
| Başlık | Beta Basım Yayım Dağıtım A.Ş. |
| Hacim / Ardışık Tanımı | yayın no: 30 |
| 490 ## - SERİSİ TABLOSU | |
| Seri Beyanı | Hukuk dizisi |
| Hacim / Ardışık Tanımı | 8 |
| 505 ## - BİÇİMLENDİRİLDİ İÇİNDEKİLER NOT | |
| Biçimlendirilmiş İçeriği Dikkat | Kanun metni , madde değişiklikleri , maddeler arasında atıflar, ilgili kanunlara atıflar, anayasa mahkemesi kararları, yargıtay içtihadı birleştirme kararları,açıklayıcı sözlük |
| 650 ## - KONU KATMA GİRİŞ - TOPİKAL DÖNEM | |
| Topikal Süreli Veya Coğrafi Ad Giriş Elemanı | Türk Ceza Kanunu (TCK) |
| 650 ## - KONU KATMA GİRİŞ - TOPİKAL DÖNEM | |
| Topikal Süreli Veya Coğrafi Ad Giriş Elemanı | Hukuk ve mevzuat |
| Genel Alt Bölümü | Türkiye |
| 942 ## - EKLENDİ GİRİŞ ELEMANLARI (KOHA) | |
| Sınıflandırma Veya Raf Düzeni Kaynak | Dewey Decimal Classification |
| Koha Öğesi Türü | Books |
| 999 ## - SİSTEM KONTROL NUMARALARI (KOHA) | |
| Koha Biblionumber | 10627 |
| Koha Biblioitemnumber | 10627 |
| Kalıcı Konum | Mevcut Konum | Edinme Tarihi | Edinim Kaynak | Toplam Check-Out'Lar | Tam Çağrı Numarası | Barkod | Tarih Son Görülme | İtibaren Geçerli Fiyatlar | Koha Öğesi Türü |
|---|---|---|---|---|---|---|---|---|---|
| CHP Kütüphanesi | CHP Kütüphanesi | 03/07/2018 | Bağış | 349.561 C35t 1985 | 018092 | 03/07/2018 | 03/07/2018 | Books |
